Investments a global perspective

Bibliographic Details
Main Author: Francis, Jack
Format: Book
Published: New Jersey : Prentice Hall , 2002
Subjects:

MARC

LEADER 00000cam a2200000 7i4500
001 0000010920
005 20050505.0
020 |a 0138907404 
040 |a INS 
090 0 0 |a HG4521.   |b F685 2002 
100 1 |a Francis, Jack 
245 1 0 |a Investments a global perspective   |c Jack Francis 
260 |a New Jersey :   |b Prentice Hall ,   |c 2002 
300 |a Valioue :   |b 26cm 
650 0 0 |a Investment, Foreign 
650 0 0 |a Investments 
650 0 0 |a Securities 
650 0 0
999 |a 0000010180   |b BOOK   |c Open Shelf   |e Default branch